Normal view
MARC view
Entry Personal Name
001 - CONTROL NUMBER
- control field: 1104654
003 - CONTROL NUMBER IDENTIFIER
- control field: OSt
005 - DATE AND TIME OF LATEST TRANSACTION
- control field: 20260122170017.0
008 - FIXED-LENGTH DATA ELEMENTS
- fixed length control field: 260122|| aca||aabn | a|a d
040 ## - CATALOGING SOURCE
- Original cataloging agency: OSt
- Transcribing agency: OSt
100 ## - HEADING--PERSONAL NAME
- Personal name: Bhattacharya, Sabyasachi (Ed.)
670 ## - SOURCE DATA FOUND
- Source citation: Work cat.: (OSt)1670056: Bhattacharya, Sabyasachi (Ed.), Approaches to History : Essays in Indian Historiography, 2011
